1680 1631 1754 1586 1248 1973 1916 1890 1510 1113 1152 1081 1419 1767 1366 1245 1965 1787 1815 1886 1430 1462 1347 1953 1997 1041 1072 1388 1282 1819 1055 1695 1940 1739 1854 1817 1483 1630 1631 1687 1647 1778 1851 1212 1320 1782 1094 1395 1959 1789 1758 1095 1885 1070 1306 1144 1486 1674 1088 1470 1917 1785 1729 1044 1314 1499 1439 1312 1318 1840 1140 1578 1908 1964 1137 1404 1686 1064 1368 1102 1943 1754 1195 1706 1450 1138 1530 1217 1969 1433 1615 1160 1025 1717 1334 1075 1421 1659 1897 BCNSPRNW ULIB Ver.6.0+V

เปลี่ยนเป็นภาษาไทย

Change to English
 แสดงรายละเอียดบรรณานุกรม
  กลับหน้าหลัก

Brief Record : Get Marc (ISO 2709) : E-mail record : QR code < ปิดหน้าต่าง
LEADER : 00000nam 2200000uu 4500
001    13399111163
003     ULIB
008    110617s||||||||th 000 0 tha d
020    9748836983
020    9789748836980
050  4 BF637.58^bช45ส 2542
100 0  ไชย ณ พล
245 10 สมดุลชีวิต /^cไชย ณ พล
260    กรุงเทพฯ :^bพลัสเพรส,^c2542
300    123 หน้า
650  7 สมดุลชีวิต
650  7 ธรรมชาติ
710 1  พลัสเพรส
945    ^p79^l0^i017843
945    ^p79^l0^i017842
995    ทศพร
999 ^a ใช้งานได้ทุกระบบ
รายการนี้ยังไม่มีแท็ก
คุณยังไม่ได้ล็อกอิน คุณสามารถมีกิจกรรมร่วมกับเว็บไซต์ได้ แต่ต้องล็อกอินก่อน ::
  ล็อกอิน

รายการสื่อสารสนเทศ

ลำดับที่ ประเภท เลขเรียก/บาร์โค้ด สถานที่ สถานะ
- ไม่พบข้อมูล -

รายการใกล้เคียง
    ผู้แต่ง [ไชย ณ พล]

    หัวเรื่อง [ธรรมชาติ]

BibComment


ยังไม่เคยถูกคอมเมนท์

คอมเมนท์ทรัพยากรรายการนี้
  คอมเมนท์: สมดุลชีวิต ไชย ณ..


 Copyright 2026. Bcnsprnw @Library